Current British Overseas Territories - Statistics

General Stats
  • This quiz has been taken 50 times
    40 since last reset
  • The average score is 9 of 17
Answer Stats
Territory/Country % Correct
Bermuda
79%
Falkland Islands
79%
Gibraltar
71%
British Virgin Islands
67%
St Helena
58%
Anguilla
54%
Cayman Islands
54%
Isle of Man
54%
Montserrat
54%
Turks and Caicos
54%
Guernsey
50%
Jersey
50%
South Georgia
46%
Pitcairn Islands
42%
Akrotiri and Dhekelia
38%
British Antarctic Territory
38%
British Indian Ocean territory
33%
No matching quizzes found
Score Distribution
Percent of People with Each Score
Percentile by Number Answered
Your Score History
You have not taken this quiz since the last reset